000 00771naa a22002537u 4500
001 03525
003 HDC
007 cr bn ---aaaaa
008 210110t2010 xx 000 0 may
040 _aHDC
245 0 _aMENGAPA BABI HARAM?
260 _a[No place] :
_b[publisher not identified],
_c2010
300 _a18 pages :
_billustrations
336 _atext
_2rdacontent
337 _acomputer
_2rdamedia
338 _aonline resource
_2rdacarrier
650 _aHaiwan
_92996
650 _aHalal
_9294
650 _aMakanan
_92997
856 _zRequest full-text at [email protected]
942 _2lcc
942 _cEIS
942 _kEMAG 000152
999 _c898
_d898